Normal view
MARC view
- Procesador de textos
Entry Materia
001 - NÚMERO DE CONTROL DEL REGISTRO
- campo de control: 6132
003 - IDENTIFICADOR DE NUMERO DE CONTROL
- campo de control: UPN
005 - FECHA Y HORA DE LA ÚLTIMA TRANSACCIÓN
- campo de control: 20231129073837.0
008 - DATOS DE LONGITUD FIJA
- campo de control de longitud fija: nabaccnnaabn|||||||||| b |nc|||||d
035 ## - NÚMERO DE CONTROL DEL SISTEMA
- Número de control del sistema: UPN10000006133
040 ## - FUENTE DE LA CATALOGACIÓN
- Lengua de catalogación: SPA
- Agencia de transcripción: UPN
- Centro catalogador de origen: MX-MxUPN
150 ## - ENCABEZAMIENTO - TEMÁTICO
- Término de materia o nombre geográfico como elemento inicial: Procesador de textos
450 ## - VÉASE - MATERIA
- Encabezamiento temático: Procesador de palabras
450 ## - VÉASE - MATERIA
- Encabezamiento temático: Procesadores de palabras
550 ## - VÉASE ADEMÁS - MATERIA
- Encabezamiento temático o nombre geográfico como elemento de entrada: PROCESAMIENTO DE TEXTOS
670 ## - FUENTE EN LA QUE SE LOCALIZARON DATOS
- Cita de la fuente: LC
- Información localizada: Word processors
902 ## - CATALOGADOR
- Catalogador: MEEG/090307
